Biblioteca y Centro de Documentación

Vista normal Vista MARC

Entrada Nombre personal

Número de registros utilizados en: 5

001 - NÚMERO DE CONTROL

  • Campo de control: 13392

003 - IDENTIFICADOR DE NÚMERO DE CONTROL

  • Campo de control: ES-MaCES

005 - FECHA Y HORA DE LA ULTIMA MODIFICACION

  • Campo de control: 20080905140900.0

008 - ELEMENTOS DE DATOS DE LONGITUD FIJA

  • Campo de longitud fija: 990609 | azznnaabn || aaa d

035 ## - NÚMERO DE CONTROL DEL SISTEMA

  • Número de control del sistema: CES19990007984n

040 ## - FUENTE DE LA CATALOGACIÓN

  • Agencia original de catalogación: ES-MaCES
  • Idioma de catalogación: spa
  • Agencia de transcripción: ES-MaCES

100 1# - ENCABEZAMIENTO--NOMBRE DE PERSONA

  • Nombre personal: Gil-Robles y Gil-Delgado, José María

400 1# - TRAZADO VEÁSE--NOMBRE DE PERSONA

  • Nombre personal: Gil-Robles Gil-Delgado, José María

400 1# - TRAZADO VEÁSE--NOMBRE DE PERSONA

  • Nombre personal: Gil-Robles, José María

670 ## - FUENTE DE DATOS ENCONTRADOS

  • Fuente de citación: Biblioteca Nacional

901 ## - CES. DATOS SIRTEX

  • ID Sirtex (N5N8): 0001500008940
  • 005BIS Sirtex: 199906091655ANABEL
© CES, Consejo Económico y Social de España 2021